Loading...
| Fine Arts - Auditory | 6 | 3 | 0 | 1 | 120 | 38 | 66.22 | 4 | 9 | 0.00 | 0.00 |
| History - European | 2 | 3 | 0 | 0 | 60 | 48 | 71.20 | 1 | 3 | 0.00 | 0.00 |
| Philosophy | 0 | 6 | 1 | 1 | 55 | 104 | 118.83 | 1 | 3 | 0.00 | 0.00 |
| History - World | 0 | 5 | 0 | 0 | 50 | 69 | 89.20 | 1 | 4 | 0.00 | 0.00 |
| Social Science | 0 | 5 | 2 | 1 | 40 | 75 | 87.20 | 1 | 4 | 0.00 | 0.00 |
| History - American | 1 | 3 | 1 | 1 | 40 | 66 | 99.00 | 0 | 3 | 0.00 | 0.00 |
| Literature - American | 0 | 2 | 0 | 0 | 20 | 89 | 110.00 | 1 | 1 | 0.00 | 0.00 |
| Mythology | 0 | 2 | 0 | 0 | 20 | 103 | 117.50 | 0 | 2 | 0.00 | 0.00 |
| Fine Arts - Visual | 1 | 1 | 1 | 0 | 20 | 45 | 84.00 | 0 | 2 | 0.00 | 0.00 |
| Literature - European | 0 | 2 | 0 | 0 | 20 | 108 | 119.00 | 0 | 2 | 0.00 | 0.00 |
| History - Other | 1 | 0 | 0 | 0 | 15 | 58 | 58.00 | 0 | 1 | 0.00 | 0.00 |
| Other Academic | 0 | 1 | 0 | 0 | 10 | 105 | 105.00 | 0 | 1 | 0.00 | 0.00 |
| Geography | 0 | 1 | 0 | 0 | 10 | 85 | 85.00 | 1 | 1 | 0.00 | 0.00 |
| Literature - British | 1 | 0 | 1 | 0 | 10 | 64 | 64.00 | 1 | 1 | 0.00 | 0.00 |
| Literature - World | 0 | 1 | 0 | 0 | 10 | 91 | 91.00 | 1 | 1 | 0.00 | 0.00 |
| Religion- | 0 | 1 | 0 | 0 | 10 | 100 | 100.00 | 0 | 1 | 0.00 | 0.00 |
| Religion- Edited | 0 | 1 | 0 | 0 | 10 | 97 | 97.00 | 0 | 0 | 0.00 | 0.00 |
| Science - Other | 0 | 1 | 0 | 0 | 10 | 112 | 112.00 | 0 | 1 | 0.00 | 0.00 |
| Religion | 0 | 1 | 1 | 0 | 5 | 95 | 95.00 | 0 | 1 | 0.00 | 0.00 |
| Fine Arts - Other | 0 | 2 | 3 | 0 | 5 | 81 | 81.00 | 2 | 2 | 0.00 | 0.00 |
| Popular Culture | 0 | 0 | 1 | 0 | -5 | 0.00 | 0 | 0 | 0.00 | 0.00 |